Normal view
MARC view
Entry Topical Term
001 - CONTROL NUMBER
- control field: 7082
003 - CONTROL NUMBER IDENTIFIER
- control field: OSt
005 - DATE AND TIME OF LATEST TRANSACTION
- control field: 20211105132839.0
008 - FIXED-LENGTH DATA ELEMENTS
- fixed length control field: 211105|| aca||aabn | a|a d
040 ## - CATALOGING SOURCE
- Original cataloging agency: OSt
- Transcribing agency: OSt
150 ## - HEADING--TOPICAL TERM
- Topical term or geographic name entry element: Public Adminstration
670 ## - SOURCE DATA FOUND
- Source citation: Work cat.: (OSt): Lalvani, J M 7080, Central civil services rules (pension) 1972, 1972